| 000 | 01100cam a2200289 i 4500 | ||
|---|---|---|---|
| 003 | SA-RiAUC | ||
| 005 | 20250924071117.0 | ||
| 008 | 250803s1998 su g 00010 ara c | ||
| 040 |
_aSA-RiKAPL _bara _cSA-RiAUC _erda |
||
| 043 | _aa-su--- | ||
| 082 | 0 | 4 | _a252.55 |
| 090 |
_a252.55 _bا ب و ز |
||
| 100 | 1 |
_aأبو زيد، بكر بن عبد الله، _d1365-1429 هجري _eمؤلف. |
|
| 245 | 1 | 0 |
_aجبل الإل بعرفات : _bتحقيقات تاريخية شرعية / _cتأليف بكر بن عبد الله أبو زيد. |
| 250 | _aالطبعة الأولى. | ||
| 264 | 1 |
_aالرياض : _bدار العاصمة للنشر والتوزيع، _c1998. |
|
| 300 |
_a80 صفحة ؛ _c20 سم |
||
| 336 |
_aنص _btxt _2rdacontent _3كتاب |
||
| 337 |
_aبدون وسيط _bn _2rdamedia |
||
| 338 |
_aمجلد _bnc _2rdacarrier |
||
| 650 | 7 |
_aالحج _2aucsh |
|
| 650 | 7 |
_aالحج _xتاريخ _2aucsh |
|
| 650 | 7 |
_aالوقوف بعرفة _2aucsh |
|
| 650 | 7 |
_aالعبادات (فقه إسلامي) _2aucsh |
|
| 942 |
_2ddc _cBOOK _n0 |
||
| 949 |
_aSA-JeALM _d250803 _uosman123 _n1 |
||
| 999 |
_c12087 _d12087 |
||